000 00592nam a2200217Ia 4500
003 0100
005 20160224140930.0
008 130303s9999 xx 000 0 und d
040 _cARRUPELIB
050 _aB2799.M5MAR 1955
100 _aMartin, Gottfried
_922430
245 _aKant's metaphysics and theory of science
_cMartin, Gottfried
260 _aManchester
260 _bManchester University Press
300 _a218p.
300 _b 22cm.
600 _aKant, Immanuel
_922431
650 _aOntology
_922432
700 _aLucas, P. G. (tr.)
_922433
942 _2lcc
_cMONOGRAPH
999 _c52243
_d52243